अपराजिता: नारी शक्ति... / (Record no. 208623)

MARC details
000 -LEADER
fixed length control field 00949nam a22001937a 4500
005 - DATE AND TIME OF LATEST TRANSACTION
control field 20250120164049.0
010 ## - LCCN (DPL NO)
LC control number HIN-129278
020 ## - INTERNATIONAL STANDARD BOOK NUMBER
International Standard Book Number 9788119057160
Terms of availability 199.00
035 ## - SYSTEM CONTROL NUMBER
System control number HN-101624
037 ## - SOURCE OF ACQUISITION
Source of stock number/acquisition DBAD
082 ## - DEWEY DECIMAL CLASSIFICATION NUMBER
Classification number
245 ## - TITLE STATEMENT
Title अपराजिता: नारी शक्ति... /
Statement of responsibility, etc मोनिका सिंह द्वारा संपादित
250 ## - EDITION STATEMENT
Edition statement प्रथम
260 ## - PUBLICATION, DISTRIBUTION, ETC. (IMPRINT)
Place of publication, distribution, etc नई दिल्ली
Name of publisher, distributor, etc फ्लोरेंट पब्लिकेशन
Date of publication, distribution, etc 2023
270 ## - ADDRESS
Address 8, 2, स्ट्रीट नं.-1, वेस्ट विनोद नगर, आर्य नगर, दयानंद विहार, आनंद विहार
City नई दिल्ली
Postal code 110092
Telephone number 8851941583
-- 9718546120
Electronic mail address info.florentpub@gmail.com
300 ## - PHYSICAL DESCRIPTION
Extent 104 पृ.
Dimensions 21 सेमी (अजिल्द)
700 ## - ADDED ENTRY--PERSONAL NAME
Personal name मोनिका सिंह
9 (RLIN) 76786
942 ## - ADDED ENTRY ELEMENTS (KOHA)
Source of classification or shelving scheme Dewey Decimal Classification
Item type Hindi Books
Classification part
Call number suffix अपरा
Holdings
Withdrawn status Lost status Not for loan Collection code Home library Current library Date acquired Source of acquisition Cost, normal purchase price Full call number Barcode Copy number Cost, replacement price Koha item type
      Fiction Ashok Vihar Ashok Vihar 20/01/2025 DBAD 199.00 क अपरा HN-101624 1 199.00 Hindi Books

© Delhi Public Library
Hit Counter
free hit counter